=LDR 00000nam 2200000 4500 =001 INLIS000000000012013 =005 20130612103547 =008 ***********************************Ind** =035 ##$$0010-061300000012013 =041 ##$$a Ind =082 ##$$a 634. 651 =090 ##$$a 634.651, Bag. b =100 ##$$a Baga Kalie, Moehd =245 ##$$a Bertanam Pepaya, mochd Baga Kalie =260 ##$$a 1989 $b Jakarta =300 ##$$a 46 hlm., Ilus, 21cm =650 ##$$a Pepaya =850 ##$$a NBPNMAT =990 ##$$a 21195392/BPAP-NTB/2014 =990 ##$$a 2090101462/BPAP-NTB/2015